| 000 | 00476nam a22001457a 4500 | ||
|---|---|---|---|
| 003 | SISC | ||
| 005 | 20170711111857.0 | ||
| 008 | 170711b xxu||||| |||| 00| 0 eng d | ||
| 050 |
_aGQ 784.V55 _b.V112 2007 |
||
| 245 | _aNational strategic framework for action to end violence against children / | ||
| 260 |
_aQuezon City : _bCouncil for the Welfare of Children, _c2007. |
||
| 300 |
_a58 pages : _billustrations ; _c28 cm. |
||
| 650 | _aChildren and violence. | ||
| 942 |
_2lcc _cBK |
||
| 999 |
_c340048 _d340048 |
||